ALL Colorado Cities - Statistics

General Stats
  • This quiz has been taken 70 times
  • The average score is 61 of 273
Answer Stats
County Municipality % Correct
D Denver Denver
95%
C El Paso Colorado Springs
93%
B Boulder Boulder
86%
P Pueblo Pueblo
85%
A Arapahoe, Adams, and Douglas Aurora
83%
F Larimer Fort Collins
83%
A Pitkin Aspen
78%
G Mesa Grand Junction
73%
G Weld Greeley
66%
G Gunnison Gunnison
64%
D La Plata Durango
63%
V Eagle Vail
61%
A Alamosa Alamosa
59%
B Broomfield Broomfield
59%
W Adams and Jefferson Westminster
59%
A Jefferson and Adams Arvada
58%
L Jefferson Lakewood
58%
C Arapahoe Centennial
56%
B Summit Breckenridge
54%
E Eagle Eagle
54%
M Montrose Montrose
54%
G Jefferson Golden
53%
L Arapahoe, Jefferson, and Douglas Littleton
53%
L Larimer Loveland
53%
S Routt Steamboat Springs
53%
T Adams and Weld Thornton
53%
C Douglas Castle Rock
47%
C Fremont Cañon City
46%
L Boulder and Weld Longmont
46%
Y Yuma Yuma
46%
T San Miguel Telluride
44%
D Delta Delta
42%
E Larimer Estes Park
41%
G Garfield Glenwood Springs
41%
P Douglas Parker
41%
D Montezuma Dolores
39%
O Ouray Ouray
39%
T Las Animas Trinidad
39%
K Elbert Kiowa
37%
L Lake Leadville
37%
L Boulder Louisville
37%
S Logan Sterling
37%
B Adams and Weld Brighton
36%
C Montezuma Cortez
36%
F Morgan Fort Morgan
36%
K Cheyenne Kit Carson
36%
L Bent Las Animas
36%
M El Paso Manitou Springs
34%
M El Paso Monument
34%
P Archuleta Pagosa Springs
34%
R Garfield Rifle
34%
L Lincoln Limon
32%
S Saguache Saguache
32%
B Chaffee Buena Vista
31%
C Moffat Craig
31%
F El Paso Fountain
31%
L Boulder Lafayette
31%
M Summit Montezuma
31%
M Jefferson Morrison
31%
S Chaffee Salida
31%
C Adams Commerce City
29%
C Crowley Crowley
29%
D Moffat Dinosaur
29%
E Arapahoe Englewood
29%
G Arapahoe Greenwood Village
29%
L Otero La Junta
29%
W Huerfano Walsenburg
29%
B Kit Carson Burlington
27%
E Weld and Boulder Erie
27%
E Weld Evans
27%
F Weld Fort Lupton
27%
F Mesa Fruita
27%
I Clear Creek Idaho Springs
27%
M Saguache Moffat
27%
S Sedgwick Sedgwick
27%
W Weld and Larimer Windsor
27%
A Eagle Avon
25%
F Park Fairplay
25%
F Fremont Florence
25%
G Clear Creek Georgetown
25%
G Grand Granby
25%
L Prowers Lamar
25%
S San Juan Silverton
25%
A Park Alma
24%
B Gilpin Black Hawk
24%
C Douglas Castle Pines
24%
C Gunnison Crested Butte
24%
G Eagle Gypsum
24%
K Summit Keystone
24%
L Douglas Lone Tree
24%
L Boulder Lyons
24%
M Weld Mead
24%
M Rio Grande Monte Vista
24%
S Arapahoe Sheridan
24%
W Teller Woodland Park
24%
C Gilpin and Clear Creek Central City
22%
F Summit Frisco
22%
G Arapahoe Glendale
22%
G Grand Grand Lake
22%
N Boulder Nederland
22%
P Mesa Palisade
22%
P Gunnison Pitkin
22%
S Summit Silverthorne
22%
W Larimer Wellington
22%
A Conejos Antonito
20%
A Weld Ault
20%
C Garfield Carbondale
20%
D Summit Dillon
20%
E Elbert Elizabeth
20%
H Prowers Holly
20%
L Huerfano La Veta
20%
N Adams and Weld Northglenn
20%
P Weld Platteville
20%
R Otero Rocky Ford
20%
S Boulder and Jefferson Superior
20%
W Grand Winter Park
20%
A Washington Akron
19%
B Adams and Arapahoe Bennett
19%
B Morgan Brush
19%
C Cheyenne Cheyenne Wells
19%
C Teller Cripple Creek
19%
F Adams Federal Heights
19%
H Weld Hudson
19%
J Weld and Larimer Johnstown
19%
J Sedgwick Julesburg
19%
L Hinsdale Lake City
19%
L Jefferson Lakeside
19%
L Douglas Larkspur
19%
M Jefferson Mountain View
19%
R Ouray Ridgway
19%
S Costilla San Luis
19%
S Rio Grande South Fork
19%
W Jefferson Wheat Ridge
19%
W Yuma Wray
19%
B La Plata Bayfield
17%
B Larimer and Weld Berthoud
17%
C Saguache and Rio Grande Center
17%
C Arapahoe Cherry Hills Village
17%
C Mineral Creede
17%
F Weld Firestone
17%
F Arapahoe Foxfield
17%
F Grand Fraser
17%
H Routt Hayden
17%
L Weld and Adams Lochbuie
17%
M Rio Blanco Meeker
17%
O Montrose Olathe
17%
P Garfield Parachute
17%
S Garfield Silt
17%
B Eagle and Pitkin Basalt
15%
B Costilla Blanca
15%
D Rio Grande Del Norte
15%
D Dolores Dove Creek
15%
E Jefferson Edgewater
15%
E Clear Creek Empire
15%
H Lincoln Hugo
15%
N Garfield New Castle
15%
S Pitkin Snowmass Village
15%
W Jackson Walden
15%
W Custer Westcliffe
15%
D Weld Dacono
14%
F Weld Frederick
14%
G Weld Garden City
14%
G Prowers Granada
14%
H Phillips Holyoke
14%
H Grand Hot Sulphur Springs
14%
K Weld Kersey
14%
K Las Animas Kim
14%
K Grand Kremmling
14%
M Weld Milliken
14%
M San Miguel Mountain Village
14%
O Delta Orchard City
14%
P Delta Paonia
14%
P Chaffee Poncha Springs
14%
R Rio Blanco Rangely
14%
S Clear Creek Silver Plume
14%
T Larimer Timnath
14%
V Teller Victor
14%
B Summit Blue River
12%
D Mesa De Beque
12%
D Arapahoe Deer Trail
12%
E Kiowa Eads
12%
E Weld Eaton
12%
F Otero Fowler
12%
H Delta Hotchkiss
12%
I La Plata Ignacio
12%
J Boulder Jamestown
12%
L Conejos La Jara
12%
L Weld LaSalle
12%
M Montezuma Mancos
12%
M Eagle Minturn
12%
N Weld Nunn
12%
O Routt Oak Creek
12%
O Washington Otis
12%
O Sedgwick Ovid
12%
P El Paso Palmer Lake
12%
R Pueblo Rye
12%
S Kit Carson Stratton
12%
A Lincoln Arriba
10%
C El Paso Calhan
10%
C Delta Cedaredge
10%
C Arapahoe Columbine Valley
10%
C Delta Crawford
10%
C Saguache Crestone
10%
G Weld Gilcrest
10%
K Weld Keenesburg
10%
M Gunnison Mount Crested Butte
10%
N Montrose Nucla
10%
O Crowley Olney Springs
10%
O San Miguel Ophir
10%
O Crowley Ordway
10%
P Weld Pierce
10%
R Eagle Red Cliff
10%
S Weld Severance
10%
S Custer Silver Cliff
10%
S Elbert Simla
10%
S Las Animas Starkville
10%
W Boulder Ward
10%
W Morgan Wiggins
10%
Y Routt Yampa
10%
B Saguache Bonanza
8%
B Pueblo Boone
8%
B Arapahoe and Jefferson Bow Mar
8%
C Baca Campo
8%
C Fremont Coal Creek
8%
F Kit Carson Flagler
8%
F Logan Fleming
8%
G Lincoln Genoa
8%
G El Paso and Teller Green Mountain Falls
8%
G Weld Grover
8%
H Phillips Haxtun
8%
N Montrose Naturita
8%
S Conejos Sanford
8%
S San Miguel Sawpit
8%
S Kiowa Sheridan Lake
8%
B Kit Carson Bethune
7%
B Las Animas Branson
7%
C Garfield Carbonate
7%
C Las Animas Cokedale
7%
C Mesa Collbran
7%
E Yuma Eckley
7%
H Prowers Hartman
7%
H Morgan Hillrose
7%
H Alamosa Hooper
7%
I Logan Iliff
7%
L Morgan Log Lane Village
7%
M Conejos Manassa
7%
M Otero Manzanola
7%
M Gunnison Marble
7%
M Logan Merino
7%
N San Miguel Norwood
7%
R El Paso Ramah
7%
R Dolores Rico
7%
S Kit Carson Seibert
7%
S Otero Swink
7%
T Baca Two Buttes
7%
W Baca Walsh
7%
W Prowers Wiley
7%
W Fremont Williamsburg
7%
A Las Animas Aguilar
5%
B Fremont Brookside
5%
C Otero Cheraw
5%
H Kiowa Haswell
5%
P Logan Peetz
5%
P Baca Pritchett
5%
R Weld Raymer
5%
R Fremont Rockvale
5%
R Conejos Romeo
5%
S Crowley Sugar City
5%
V Baca Vilas
5%
V Kit Carson Vona
5%
C Logan Crook
3%
P Phillips Paoli
3%
S Baca Springfield[dg]
0%
No matching quizzes found
Score Distribution
Percent of People with Each Score
Percentile by Number Answered
Your Score History
You have not taken this quiz